Loading...
| Literature - World/Other Literature | 0 | 8 | 0 | 0 | 80 | 86 | 107.00 | 2 | 8 |
| Literature - European Literature | 0 | 7 | 0 | 4 | 70 | 66 | 105.71 | 4 | 7 |
| History - European History | 0 | 7 | 1 | 2 | 65 | 57 | 88.86 | 3 | 7 |
| Mythology | 0 | 6 | 0 | 1 | 60 | 31 | 87.50 | 1 | 6 |
| Literature - British Literature | 0 | 4 | 0 | 0 | 40 | 62 | 104.00 | 1 | 4 |
| Fine Arts - Other Fine Arts | 0 | 4 | 0 | 1 | 40 | 116 | 130.00 | 2 | 4 |
| Fine Arts - Classical Music | 0 | 3 | 0 | 0 | 30 | 50 | 95.67 | 1 | 3 |
| History - World History | 0 | 3 | 0 | 0 | 30 | 47 | 68.33 | 2 | 3 |
| Literature - American Literature | 0 | 3 | 0 | 0 | 30 | 105 | 123.33 | 1 | 3 |
| History - Other History | 0 | 3 | 1 | 1 | 25 | 59 | 85.00 | 2 | 3 |
| History - American History | 0 | 3 | 1 | 0 | 25 | 73 | 82.33 | 2 | 3 |
| Religion | 0 | 2 | 0 | 0 | 20 | 76 | 92.50 | 0 | 2 |
| Pop Culture | 0 | 1 | 0 | 0 | 10 | 53 | 53.00 | 0 | 1 |
| Social Science | 0 | 1 | 0 | 0 | 10 | 109 | 109.00 | 0 | 1 |
| Fine Arts - Visual Fine Arts | 0 | 1 | 0 | 0 | 10 | 120 | 120.00 | 0 | 1 |
| Philosophy | 0 | 1 | 0 | 1 | 10 | 129 | 129.00 | 0 | 1 |
| Geography/Current Events | 0 | 1 | 1 | 0 | 5 | 76 | 76.00 | 1 | 1 |